000 00434nam a2200157Ia 4500
008 160316s1985 xxu||||| |||| 00| 0 eng d
082 _a344.010400
_bMAM
100 _aMamoria C B
245 _aDynamics of Industrial relations
250 _a2nd
260 _aNew Delhi
_bHimalaya Publishing House
_c1985
300 _a879p*
_b
_c
365 _bRs.475/-
650 _a1. Labour Law - Industrial Relations
700 _aMamoria Satish
_a
999 _c11607
_d11607